| 000 | 01099nam a2200277 i 4500 | ||
|---|---|---|---|
| 001 | 185224 | ||
| 003 | SpMaBN | ||
| 005 | 20251222203951.0 | ||
| 008 | 160419s2003 sp |||| |bspa d | ||
| 080 | _a929:53 Curie, Marie | ||
| 100 | 1 |
_aSánchez Ron, José Manuel, _d1949- _9102904 |
|
| 245 | 1 | 0 |
_aMarie Curie y su tiempo / _cJosé Manuel Sánchez Ron ; prólogo de José María Fernández-Rúa. |
| 250 | _aEd. especial para este periódico. | ||
| 260 |
_a[Barcelona] : _bABC : _bFolio, _c2003. |
||
| 300 |
_a287 p. ; _c21 cm. |
||
| 490 | 1 |
_aBiblioteca ABC. Protagonistas del s. XX ; _v13. Las biografías que construyeron el siglo |
|
| 500 | _aÍndice. | ||
| 504 | _aBibliografía: p. [263]-278. | ||
| 600 | 1 | 4 |
_aCurie, Marie, _d1867-1934 _9242639 |
| 700 | 1 |
_aFernández-Rúa, José María. _9159389 |
|
| 710 | 2 |
_aDiario ABC. _91137 |
|
| 830 | 0 | 0 |
_aBiblioteca ABC. Protagonistas del s. XX _v13. Las biografías que construyeron el siglo _9192266 |
| 852 |
_aES-MaACL _jA-13701 _9192244 _bR.150376 _cDEPO1 _dOlim: N-6701 _xenc. cart. |
||
| 942 | _2udc | ||
| 999 |
_c185224 _d185224 |
||